Statistics for Arrowverse Characters Part 1

Click here to take the quiz!

General Stats

  • This quiz has been taken 105 times
  • The average score is 11 of 15

Answer Stats

HintAnswer% Correct
The FlashBarry Allen
100%
Barry's adoptive fatherJoe West
96%
Doppelganger is Reverb/Tech guy/his superhero name is VibeCisco Ramon
95%
Works at Central City Picture NewsIris West-Allen
93%
Parent of the Flash that was killed in the pilot episodeNora Allen
90%
Super villain name is Killer Frost/Husband is Ronnie Raymond a.k.a FirestormCaitlin Snow
88%
Cold villain that doesn't kill but kills his father to save his sisterCaptain Cold
82%
Parent of the Flash that died by Zoom in episode 22 of Season 2Henry Allen
82%
Firestorm in Season 1Ronnie Raymond and Martin Stein
82%
Took the face of Harrison Wells from Earth 1Reverse Flash/Eobard Thawne
78%
Heat villain that burned his family aliveHeat Wave
77%
Said that he was the Flash on his earth but is really ZoomHunter Zolomon
59%
Similar to Joker but isn't JokerTrickster
55%
Sister of Captain ColdGolden Glider
53%
Firestorm in Season 2 and beyondJefferson Jackson and Martin Stein
4%

Score Distribution

Percentile by Number Answered

Percent of People with Each Score

Your Score History

You have not taken this quiz